000 00807nam a2200289Ia 4500
005 20260324111756.0
008 008 260324s9999 xx 000 0 eng d
020 _a9781003562344
037 _aEBOOK
040 _aCRL
040 _beng
040 _cCRL
041 _2eng
041 _aeng
084 _qCRL
100 _aSharad Kumar Pradhan; Ankit Nayak; Surendra Singh Thakur; Vishal Francis; Aniket Nagargoje
_91139970
245 0 _aFundamentals and Applications of Additive Manufacturing
245 0 _bHardware, Software, Methods, Materials and Future Trends
260 _bTaylor and Francis
260 _c2025
365 _a
365 _b260
856 _uhttp://www.taylorfrancis.com/books/9781003562344
942 _cEBOOK
999 _c1728890
_d1728890